[Event "Challenge"]
[Site "http://www.queenalice.com/game.php?id=1861667"]
[Date "2025.8.16"]
[Round "-"]
[White "marcomasa"]
[Black "Ricardoabreu"]
[Result "1-0"]
[WhiteElo "2087"]
[BlackElo "1689"]

1. e4 b6 2. Bc4 Bb7 3. Nc3 g6 4. d3 Bg7 5. d4 e6 6. Qd3 Nc6 7. Nf3 h6 8. Bf4 d6
9. h3 Qe7 10. a3 Na5 11. Ba2 Nf6 12. b4 Nc6 13. Bh2 a5 14. b5 Nb8 15. a4 d5 16.
e5 Ne4 17. Nd2 Nxd2 18. Qxd2 f6 19. O-O fxe5 20. dxe5 Qc5 21. Rfe1 Nd7 22. Bb3
h5 23. Kh1 O-O-O 24. f4 Rdf8 25. Ne2 Rf5 26. Nd4 Qe7 27. Nxf5 gxf5 28. Rac1 Qh4
29. Re2 Bh6 30. Qd4 Rg8 31. c4 Nc5 32. Ba2 Nxa4 33. cxd5 Nc5 34. d6 Rd8 35. Rc3
Rd7 36. Rxc5 Bf8 37. Rxc7+ Rxc7 38. dxc7 Kxc7 39. Rc2+ Bc5 40. Qd6+ Kc8 41.
Bxe6# 1-0

[Event "Challenge"]
[Site "http://www.queenalice.com/game.php?id=1862359"]
[Date "2025.8.31"]
[Round "-"]
[White "Ricardoabreu"]
[Black "marcomasa"]
[Result "0-1"]
[WhiteElo "1707"]
[BlackElo "2117"]

1. b3 e5 2. Bb2 Nc6 3. g3 d5 4. Bg2 Bf5 5. d3 Bc5 6. e3 Nf6 7. Nf3 Qd6 8. Ng5 h6
9. Nf3 Bh7 10. Nc3 a6 11. Nh4 g5 12. Nf3 Ba7 13. Qc1 Qe6 14. Ba3 Qd7 15. Nd2 Bg6
16. Nf3 g4 17. Nh4 Bh7 18. Qd1 h5 19. Qe2 b5 20. e4 d4 21. Nd5 Qd8 22. Nxf6+
Qxf6 23. Rf1 b4 24. Bb2 a5 25. f3 Qe6 26. fxg4 hxg4 27. Nf5 Rg8 28. O-O-O O-O-O
29. Rf2 Ne7 30. Nxe7+ Qxe7 31. Rdf1 Rdf8 32. Rf6 Rg7 33. h3 gxh3 34. Bxh3+ Kb8
35. R1f3 Rxg3 36. Rxg3 Qxf6 37. Rf3 Qe7 38. Kb1 Rg8 39. Qf2 Rg7 40. Bc1 Bg8 41.
Bf5 Qd6 42. Rg3 Qf6 43. Rh3 Bh7 44. Bh6 Rg8 45. Bc1 Bxf5 46. exf5 Bc5 47. Rh6
Qd8 48. Ra6 Bb6 49. Bd2 Kb7 50. Rxb6+ cxb6 51. Qf3+ Ka7 52. Qc6 f6 53. Kb2 Rg7
54. a3 Rc7 55. Qe6 Qc8 56. axb4 Rxc2+ 57. Ka3 axb4+ 58. Kxb4 Qc5+ 59. Ka4 Ra2#
0-1

[Event "Challenge"]
[Site "http://www.queenalice.com/game.php?id=1862688"]
[Date "2025.9.8"]
[Round "-"]
[White "marcomasa"]
[Black "Ricardoabreu"]
[Result "1-0"]
[WhiteElo "2118"]
[BlackElo "1705"]

1. e4 b6 2. Bc4 Bb7 3. Nc3 g6 4. d3 Nc6 5. a3 Bg7 6. Bd2 Ne5 7. Ba2 e6 8. d4 Nc6
9. Be3 Qh4 10. Nf3 Qe7 11. Qd3 Nf6 12. h3 a5 13. Nb5 d6 14. Rb1 Ba6 15. c4 Qd7
16. O-O Na7 17. Nxa7 Rxa7 18. Bf4 Bb7 19. Rfe1 Qa4 20. Bb3 Qd7 21. a4 h6 22. Bh2
Ba6 23. Bg3 Nh5 24. Bh2 Nf6 25. Bc2 Nh5 26. g4 Nf6 27. b4 axb4 28. Rxb4 Qc6 29.
a5 O-O 30. Ba4 Qb7 31. axb6 cxb6 32. Bxd6 Rd8 33. Be5 Raa8 34. Qb1 b5 35. cxb5
Bxb5 36. Rxb5 Qa6 37. Bc2 Nd7 38. Bd3 Qa3 39. Rb3 Qa4 40. Bb5 Qa2 41. Qxa2 Rxa2
42. Reb1 Nxe5 43. dxe5 Rdd2 44. Nxd2 Rxd2 45. Bf1 Bxe5 46. Rf3 h5 47. g5 Bd4 48.
Rb7 Be5 49. Rfxf7 Rd4 50. Rfe7 Kf8 51. Rxe6 Rxe4 52. Ra6 Bd4 53. Bb5 Re1+ 54.
Kg2 1-0

[Event "Challenge"]
[Site "http://www.queenalice.com/game.php?id=1864001"]
[Date "2025.10.8"]
[Round "-"]
[White "Ricardoabreu"]
[Black "marcomasa"]
[Result "0-1"]
[WhiteElo "1700"]
[BlackElo "2130"]

1. b3 e5 2. Bb2 Nc6 3. g3 d5 4. e3 Bc5 5. Bg2 Qd6 6. Nc3 Nf6 7. Nb5 Qe7 8. Nc3
Be6 9. h3 a6 10. Na4 Ba7 11. Qe2 h6 12. Nc3 Qd6 13. e4 d4 14. Nb1 Nb4 15. d3 c5
16. Na3 O-O-O 17. Nf3 g5 18. c3 Nc6 19. cxd4 cxd4 20. Nc4 Bxc4 21. bxc4 Bc5 22.
a3 Na5 23. Qc2 Nc6 24. Qb3 Nh7 25. Nd2 f6 26. Bf3 Kb8 27. Nf1 Nf8 28. Bh5 Ne6
29. Bf7 Ng7 30. Bd5 h5 31. h4 g4 32. Nd2 Ne8 33. Rb1 Rh7 34. Bxd4 Bxd4 35. Bg8
Rg7 36. Nf1 Rdd7 37. Bd5 Rc7 38. Nd2 Rgd7 39. O-O Ng7 40. Rfe1 f5 41. exf5 Nxf5
42. Ne4 Qf8 43. Re2 Ba7 44. Reb2 Nfd4 45. Qa4 a5 46. Bxc6 Nxc6 47. Nc3 Rxd3 48.
Nd5 Rxg3+ 49. Kh2 Rh3+ 50. Kg2 Qf3+ 0-1

[Event "AUTO-INT-3937"]
[Site "http://www.queenalice.com/game.php?id=1865138"]
[Date "2025.11.4"]
[Round "2"]
[White "Castling"]
[Black "Ricardoabreu"]
[Result "1-0"]
[WhiteElo "1685"]
[BlackElo "1711"]

1. e4 b6 2. Nc3 Bb7 3. Bc4 g6 4. Qf3 e6 5. d3 Bg7 6. Bd2 d6 7. Nge2 Nc6 8. a3
Ne5 9. Qg3 Nxc4 10. dxc4 Qd7 11. O-O-O Nf6 12. Rhe1 Nxe4 13. Nxe4 Bxe4 14. Nc3
Bc6 15. Qg5 f6 16. Qg4 f5 17. Qg3 O-O-O 18. Bg5 Rdf8 19. Ne2 Be5 20. Bf4 Bxf4+
21. Nxf4 e5 22. Nd5 Bxd5 23. cxd5 f4 24. Qh3 Qxh3 25. gxh3 f3 26. c4 Rf4 27. b3
Rh4 28. Re3 Rxh3 29. Kd2 Rf8 30. Rh1 Rf4 31. b4 Rxc4 32. Rc3 Rch4 33. Rhc1 Rd4+
34. Ke3 Rxd5 35. Rxc7+ Kb8 36. Rf7 Rh4 37. Rcc7 Rf4 38. Rb7+ Kc8 39. Rfc7+ Kd8
40. Rxh7 Rdd4 41. Rh8+ 1-0

[Event "AUTO-INT-3937"]
[Site "http://www.queenalice.com/game.php?id=1865139"]
[Date "2025.11.4"]
[Round "2"]
[White "Ricardoabreu"]
[Black "Castling"]
[Result "1-0"]
[WhiteElo "1724"]
[BlackElo "1744"]

1. b3 d5 2. Bb2 Nc6 3. g3 Nf6 4. Bg2 e5 5. e3 Bc5 6. Nf3 Bg4 7. h3 Bh5 8. g4
Nxg4 9. hxg4 Bxg4 10. Qc1 f6 11. Nh2 Be6 12. Nf3 h6 13. d4 Bb4+ 14. c3 Be7 15.
Qd2 Qd6 16. dxe5 fxe5 17. Qd3 e4 18. Qc2 O-O-O 19. Ng1 Rhf8 20. Bh3 Ne5 21.
Bxe6+ Qxe6 22. Nd2 g5 23. O-O-O Nd3+ 24. Kb1 Nxf2 25. Ne2 Nxd1 26. Qxd1 Rf3 27.
Nd4 Qf7 28. N2xf3 exf3 29. Nxf3 Qf5+ 30. Ka1 Qe4 31. Rxh6 Qxf3 32. Qxf3 Rf8 33.
Qg4+ Kb8 34. Rh1 a6 35. b4 c6 36. Kb1 Ka7 37. Rh7 Rf1+ 38. Bc1 Bf6 39. Kc2 Bxc3
40. Kxc3 Rxc1+ 41. Kb2 Rc4 42. Qxg5 Rxb4+ 43. Kc3 Rc4+ 44. Kd3 Kb6 45. Qe7 a5
46. Qxb7+ Kc5 47. Qa7+ Kb4 48. Rb7+ Ka4 49. Qb6 Rb4 50. Qxc6+ Ka3 51. Qc3+ Ka4
52. Rxb4+ axb4 53. Qb3+ 1-0

[Event "AUTO-INT-3937"]
[Site "http://www.queenalice.com/game.php?id=1865140"]
[Date "2025.11.4"]
[Round "2"]
[White "dosoldini"]
[Black "Ricardoabreu"]
[Result "0-1"]
[WhiteElo "1671"]
[BlackElo "1696"]

1. e4 b6 2. Bc4 Bb7 3. Bd5 Bxd5 4. exd5 d6 5. Nc3 g6 6. d3 Bg7 7. Nge2 Qd7 8. h3
Nf6 9. Nd4 Nxd5 10. Nxd5 Bxd4 11. Qf3 e6 12. Nf6+ Bxf6 13. Qxf6 Rg8 14. Qf3 d5
15. Qf6 Nc6 16. O-O Nb4 17. Qc3 Nc6 18. a3 Ne7 19. Bg5 a5 20. Bf6 Nf5 21. g4 Ne7
22. Be5 Rc8 23. Qd2 h5 24. g5 Nf5 25. b3 c5 26. Bf4 Nd4 27. Be5 Nf3+ 28. Kg2
Nxd2 29. Rfd1 Nxb3 30. cxb3 Qc6 31. Re1 d4+ 32. f3 Qd5 33. Rab1 b5 34. h4 c4 35.
Bf6 cxb3 36. Re5 Qc6 37. Kh3 Qxf3+ 0-1

[Event "AUTO-INT-3937"]
[Site "http://www.queenalice.com/game.php?id=1865141"]
[Date "2025.11.4"]
[Round "2"]
[White "Ricardoabreu"]
[Black "dosoldini"]
[Result "0-1"]
[WhiteElo "1721"]
[BlackElo "1585"]

1. b3 e5 2. Bb2 Nc6 3. g3 b5 4. Bg2 d5 5. Nc3 Nce7 6. Nxb5 Bd7 7. Nc3 Bc6 8. Nb1
d4 9. Bxc6+ Nxc6 10. e3 Nf6 11. Qf3 e4 12. Qe2 Qd5 13. exd4 Bd6 14. d3 O-O 15.
c4 Bb4+ 16. Nd2 exd3 17. Qf3 Bxd2+ 18. Kxd2 Ne4+ 19. Kxd3 Nb4+ 20. Ke2 Qe6 21.
Kf1 Nd2+ 0-1

[Event "AUTO-ADV-4919"]
[Site "http://www.queenalice.com/game.php?id=1869314"]
[Date "2026.2.15"]
[Round "1"]
[White "Ricardoabreu"]
[Black "Connor"]
[Result "0-1"]
[WhiteElo "1735"]
[BlackElo "1901"]

1. b3 d5 2. Bb2 e6 3. e3 Nf6 4. g3 c5 5. Bg2 Nc6 6. a3 Be7 7. Nf3 O-O 8. Ne5
Nxe5 9. Bxe5 Bd6 10. Bb2 Rb8 11. h4 Bc7 12. g4 e5 13. g5 Nd7 14. Bxd5 Nb6 15.
Bg2 f5 16. gxf6 Qxf6 17. Qe2 Qg6 18. f4 Qxc2 19. Bc3 exf4 20. Rf1 Qxb3 21. Be4
Bd7 22. Rxf4 Bxf4 23. exf4 Rxf4 24. Qg2 Rg4 25. Qf2 Rxe4+ 26. Kf1 Rf8 27. Qxf8+
Kxf8 28. Ba5 Qf3+ 0-1

[Event "AUTO-ADV-4919"]
[Site "http://www.queenalice.com/game.php?id=1869315"]
[Date "2026.2.15"]
[Round "1"]
[White "Connor"]
[Black "Ricardoabreu"]
[Result "0-1"]
[WhiteElo "1892"]
[BlackElo "1724"]

1. d4 b6 2. e3 Bb7 3. Nf3 g6 4. c4 Bg7 5. Nc3 e6 6. Be2 Nf6 7. O-O Ne4 8. Nxe4
Bxe4 9. Bd3 Bc6 10. b4 Bb7 11. Rb1 d5 12. cxd5 Qxd5 13. Qc2 Qd6 14. b5 Bxf3 15.
gxf3 Nd7 16. a4 h5 17. Be4 Rc8 18. Qc6 Qxc6 19. Bxc6 Rd8 20. f4 O-O 21. Bb2 Nf6
22. Rfc1 Nd5 23. Bxd5 Rxd5 24. Rxc7 Ra8 25. Rbc1 h4 26. Rc8+ Rxc8 27. Rxc8+ Kh7
28. Rc7 h3 29. Rxf7 g5 30. Rxa7 gxf4 31. exf4 Kg6 32. Rb7 Bxd4 33. Bxd4 Rxd4 34.
Rxb6 Rd1# 0-1

[Event "AUTO-ADV-4919"]
[Site "http://www.queenalice.com/game.php?id=1869316"]
[Date "2026.2.15"]
[Round "1"]
[White "Ricardoabreu"]
[Black "Carlos19"]
[Result "1-0"]
[WhiteElo "1747"]
[BlackElo "1752"]

1. b3 e5 2. Bb2 Bc5 3. Bxe5 Nf6 4. e3 d6 5. Bb2 Nc6 6. a3 O-O 7. g3 a5 8. Bg2 d5
9. h3 d4 10. Qe2 dxe3 11. dxe3 Re8 12. Bc1 Nd4 13. Qd3 Bf5 14. Qc4 Bxc2 15. Qxc5
Nxb3 16. Qxc2 Nxa1 17. Qb2 Ra7 18. Qxa1 h5 19. Ne2 Qd6 20. Qd4 Qxd4 21. Nxd4 c5
22. Nb5 Ra6 23. Nc7 Rb6 24. Nxe8 Nxe8 25. Nd2 f5 26. O-O Nd6 27. Nf3 Rb3 28. Ne5
c4 29. Bd5+ Kh7 30. Nxc4 Nxc4 31. Bxc4 Rc3 32. Bd5 b5 33. Bb2 Rd3 34. Bc6 Rd2
35. Rb1 b4 36. axb4 axb4 37. Bd4 h4 38. gxh4 Rc2 39. Bd5 Rc7 40. Rxb4 Rd7 41.
Be6 Rc7 42. Bxf5+ g6 43. Bd3 Rd7 44. Rb6 Rg7 45. h5 1-0

[Event "AUTO-ADV-4919"]
[Site "http://www.queenalice.com/game.php?id=1869317"]
[Date "2026.2.15"]
[Round "1"]
[White "Carlos19"]
[Black "Ricardoabreu"]
[Result "0-1"]
[WhiteElo "1743"]
[BlackElo "1763"]

1. e4 b6 2. Bc4 Bb7 3. Nc3 e6 4. Nf3 g6 5. d3 Bg7 6. Ng5 Qe7 7. Qf3 h6 8. Nh3
Nc6 9. a3 Ne5 10. Qg3 d6 11. O-O Nxc4 12. dxc4 Ba6 13. b3 Bb7 14. Re1 Nf6 15. f3
Nh5 16. Qf2 Bxc3 17. Bd2 Bxa1 18. Rxa1 Qf6 19. g4 Ng7 20. Re1 Qb2 21. Bc1 Qf6
22. g5 hxg5 23. Bxg5 Qe5 24. Bf4 Qa5 25. a4 Rxh3 26. Kg2 Rh8 27. e5 dxe5 28.
Bxe5 Rh7 29. Bxc7 Qc5 30. Qxc5 bxc5 31. Bd6 Rc8 32. Re5 Rh5 33. Re3 Nf5 34. Rd3
Nxd6 35. Rxd6 Rf5 36. Kg3 Rxf3+ 37. Kg4 Rc3 38. Rd2 Be4 39. h4 Bxc2 40. Rd6 Bxb3
41. Ra6 Rc7 42. Ra5 Rxc4+ 43. Kg5 Bxa4 44. h5 gxh5 45. Kxh5 Bd7 0-1

[Event "Challenge"]
[Site "http://www.queenalice.com/game.php?id=1869374"]
[Date "2026.2.17"]
[Round "-"]
[White "Ricardoabreu"]
[Black "marcomasa"]
[Result "0-1"]
[WhiteElo "1778"]
[BlackElo "2090"]

1. b3 e5 2. Bb2 Nc6 3. g3 Bc5 4. Bg2 d5 5. e3 Nf6 6. Nf3 Qd6 7. Qe2 Bd7 8. a4 a6
9. Nc3 h6 10. d3 Bb4 11. Qd2 Bc5 12. Nh4 g5 13. Nf3 Bb4 14. O-O O-O-O 15. Qe2
Rdg8 16. Na2 Bc5 17. Nd2 g4 18. Bc3 h5 19. Bb2 h4 20. gxh4 Rxh4 21. f3 g3 22.
hxg3 Rxg3 23. f4 Bxe3+ 24. Rf2 Rxf4 25. Rf1 Rh4 26. Nf3 Bxf2+ 27. Kxf2 Rhg4 28.
Rg1 Nh5 29. Bxe5 Nxe5 30. Nxe5 Rf4+ 31. Ke1 Rg5 32. Nxf7 Rxf7 33. Rh1 Qg3+ 34.
Kd1 Bg4 35. Qxg4+ Qxg4+ 36. Bf3 Qxf3+ 37. Kd2 Qxh1 38. Nb4 Rf2+ 39. Kc3 Qe1+ 40.
Kb2 Qxb4 41. d4 Rgg2 42. Kc1 Rxc2+ 43. Kd1 Qd2# 0-1

[Event "Challenge"]
[Site "http://www.queenalice.com/game.php?id=1870620"]
[Date "2026.3.17"]
[Round "-"]
[White "Ricardoabreu"]
[Black "marcomasa"]
[Result "1-0"]
[WhiteElo "1767"]
[BlackElo "2115"]

1. b3 e5 2. Bb2 Nc6 3. g3 Bc5 4. Bg2 d5 5. e3 Bf5 6. d3 Nf6 7. Bh3 Qd7 8. Bxf5
Qxf5 9. Qe2 h6 10. Ba3 Bb6 11. Nc3 a6 12. Na4 Ba7 13. Nc5 Bxc5 14. Bxc5 b6 15.
Ba3 Kd7 16. Bb2 Qe6 17. Nf3 g5 18. h3 a5 19. a4 Nh7 20. Nd2 f5 21. Nf3 Nf6 22.
Nd2 h5 23. Nf3 Nh7 24. Nd2 Nf6 25. Nf3 Rag8 26. Nd2 g4 27. hxg4 fxg4 28. O-O-O
Ra8 29. f3 Rh6 30. Rh2 Rb8 31. Nb1 b5 32. axb5 Rxb5 33. d4 Rb7 34. dxe5 Nxe5 35.
fxg4 Nfxg4 36. Rhh1 Rh7 37. Nc3 c6 38. Qa6 Rc7 39. Qxa5 Nf2 40. Nxd5 cxd5 41.
Rxd5+ Ke8 42. Rxe5 Nd3+ 43. Kb1 Nxe5 44. Bxe5 Rc8 45. Qb5+ Kf8 46. Qb4+ Kg8 47.
Bf4 Qf6 48. Rd1 Ra8 49. Rd4 Rha7 50. Kc1 Ra1+ 51. Kd2 Rc8 52. Rc4 Qd8+ 53. Rd4
Qf6 54. Qb5 Qg6 55. Qd5+ Kf8 56. Bd6+ Ke8 57. Re4+ Kd8 58. Be7+ Kc7 59. Rc4+ Kb8
60. Bd6+ Ka7 61. Rxc8 Qf6 62. Rc7+ Kb6 63. Qc6+ 1-0

[Event "Challenge"]
[Site "http://www.queenalice.com/game.php?id=1871904"]
[Date "2026.4.14"]
[Round "-"]
[White "marcomasa"]
[Black "Ricardoabreu"]
[Result "0-1"]
[WhiteElo "2107"]
[BlackElo "1797"]

1. e4 d6 2. Bc4 Nf6 3. Nc3 Qd7 4. Qe2 Nc6 5. Nf3 Qg4 6. O-O Nb4 7. Bd3 Nxd3 8.
Qxd3 b6 9. h3 Qd7 10. b4 g6 11. a4 Bg7 12. Bb2 O-O 13. Rfe1 Nh5 14. g3 Qxh3 15.
Ng5 Qg4 16. Qe3 h6 17. Nf3 Bb7 18. Nh2 Qd7 19. d3 Rae8 20. b5 e5 21. Ba3 Re6 22.
Na2 Rfe8 23. Nc3 d5 24. exd5 Bxd5 25. Bb2 e4 26. d4 c6 27. Ng4 g5 28. Nh2 f5 29.
Red1 f4 30. gxf4 Nxf4 31. Ra3 Rf6 32. Rda1 Nh3+ 33. Kh1 Nxf2+ 34. Kg2 Ng4 35.
Nxg4 Qxg4+ 36. Qg3 e3+ 37. Nxd5 Rf2+ 0-1